000 00601nai a2200205Ia 4500
003 IN-BaIIA
008 211028c9999 xx s 000 0 eng d
022 _a03066800 (Print)
022 _a14734257 (Online)
040 _cIIA Library
245 0 _aJournal of Medical Ethics
_h[eJournal]
260 _aLondon
_bBMJ
310 _aMonthly
362 _a1(1); 1975 - 42(12); 2016
521 _bSubscribed through IIA Library
650 _a Medicine & Allied Health
650 _aHealth Sciences
856 _uhttps://www.jstor.org/journal/jmedethics
_yClick Here to Access eJournal
942 _cEJ
999 _c35129
_d35129